000 00594nam a2200205Ia 4500
008 220216s9999 xx 000 0 und d
100 _aAhmad M
245 0 _aGenetic relationships in lens species and parentage determination of their interspecific hybrids using RAPD markers
260 _bTheoretical and Applied Genetics
_c1996
300 _a1091-1098
650 _aGenetic distance
650 _aLens culinaris
650 _aRAPD
650 _aWild species
700 _aArmstrong K F
700 _aFautrier A G
700 _aMc Neil D L
700 _aPaterson A M
942 _cJS
999 _c59852
_d59852